| 000 -CABECERA |
| fixed length control field |
01091nam a22002297a 4500 |
| 003 - IDENTIFICADOR DEL NÚMERO DE CONTROL |
| control field |
AR-CdUCM |
| 008 - DATOS DE LONGITUD FIJA--INFORMACIÓN GENERAL |
| fixed length control field |
190425b ||||| |||| 00| 0 spa d |
| 040 ## - FUENTE DE LA CATALOGACIÓN |
| Agencia/entidad que catalogó originalmente la obra |
MUNICIPALIDAD PROVINCIAL DEL CUSCO |
| Entidad que transcribió la catalogación |
BIBLIOTECA MUNICIPAL DEL CUSCO |
| 082 ## - NÚMERO DE LA CLASIFICACIÓN DECIMAL DEWEY |
| No. de Clasificación |
Caneño/N°8/2012 |
| 245 ## - MENCIÓN DE TÍTULO |
| Título |
Revista el caneño : |
| Resto del título |
de información, análisis, investigación y Filosofía / |
| Mención de responsabilidad |
Henry Paredes Catunta, Director |
| 260 ## - PUBLICACIÓN, DISTRIBUCIÓN, ETC. |
| Lugar de publicación, distribución, etc. |
Cusco. |
| Nombre de la editorial, distribuidor, etc. |
El poeta, |
| Fecha de publicación, distribución, etc. |
2012. |
| 300 ## - DESCRIPCIÓN FÍSICA |
| Nº de Páginas Extensión |
11 páginas. : |
| Otros detalles físicos |
ilustraciones ; |
| Dimensiones |
29 cm. |
| 440 ## - MENCIÓN DE SERIE/PUNTO DE ACCESO ADICIONAL--TÍTULO |
| Título |
Revista el caneño. |
| Número de la parte/sección de una obra |
Año 2, N°8, noviembre 2012. |
| 9 (RLIN) |
47722 |
| 505 ## - NOTA DE CONTENIDO CON FORMATO |
| Nota de contenido formateada |
Contenido: Canas verdadera cuna de la emancipación Americana. -- Ch´iaraje esencia de la gesta emancipadora. -- Q´eswachaca es declarado de prioridad regional. -- Festival de Chaka Raymi en el distrito de Langui. -- En Wanqoraqay se dio el primer estallido de la gesta libertadora americana. |
| 650 ## - PUNTO DE ACCESO ADICIONAL DE MATERIA--TÉRMINO DE MATERIA |
| Descriptor |
Educación |
| 9 (RLIN) |
460 |
| 650 ## - PUNTO DE ACCESO ADICIONAL DE MATERIA--TÉRMINO DE MATERIA |
| Descriptor |
Folklore |
| 9 (RLIN) |
47716 |
| 650 ## - PUNTO DE ACCESO ADICIONAL DE MATERIA--TÉRMINO DE MATERIA |
| Descriptor |
Cultura andina |
| 9 (RLIN) |
47723 |
| 650 ## - PUNTO DE ACCESO ADICIONAL DE MATERIA--TÉRMINO DE MATERIA |
| Descriptor |
Provincia de Canas |
| 9 (RLIN) |
47724 |
| 700 ## - PUNTO DE ACCESO ADICIONAL--NOMBRE DE PERSONA |
| Nombre Personal |
Paredes Catunta, Henry |
| 9 (RLIN) |
18099 |
| 942 ## - ELEMENTOS DE PUNTO DE ACCESO ADICIONAL (KOHA) |
| Fuente de clasificación |
|
| Tipo de item |
Revistas cusqueñas |
| 945 ## - PROCESAMIENTO DE INFORMACIÓN LOCAL (OCLC) |
| Catalogador |
rac |